000 00927nam a2200277Ia 4500
003 OSt
005 20220924124306.0
006 a|||||r|||| 00| 0
007 ta
008 220923b |||||||| |||| 00| 0 urd d
020 _a9789351600855 (pb)
020 _cINR 305.00
024 _a354648
037 _bTB4994, 29/12/2021, Technical Bureau India Pvt. Ltd.
_cTextual
040 _aARTS
_cARTS
_burd
041 _2urd
_aurd
082 _aO28,1:g, 168M2;Q5
100 _aAsar Sayed Imdad Imam Au.
_9195403
245 0 _aKashiful haqaiq
_b maroof beh baharistan-e-sukhan
260 _aNew Delhi
_b NCPUL India
_c2015
300 _a740p.
_ccm.
650 _aARABIC LITERATURE
700 _a Ashrafi Wahab Ed.
_9184397
942 _hO28,1:g, 168M2;Q5
_cTEXL
_2CC
999 _c419154
_d419154